000
00318nam a22001457a 4500
003
SGT
020
_a
81-7473-323-X
082
_a
615.92
_b
O16H
100
_a
HOSSAIN, A.S.M.T
245
_a
OCCUPATIONAL DISEASE AND POISONING
260
_a
DELHI
_b
AITBS
_c
2016
300
_a
185
650
_a
AYURVEDA
942
_2
ddc
_c
BK
999
_c
14676
_d
14676